Gründungsmitglieder der EU - Sudden Death - Statistiken

Allgemein
  • Dieses Quiz wurde 304 mal gespielt
  • Das Durchschnittsergebnis liegt bei 4 aus 6
Answers on the Grid
Answers color-coded by a green-red scale on the quiz's grid according to % correct below.
Deutschland🇩🇪
Belgien🇧🇪
Frankreich🇫🇷
Luxemburg🇱🇺
Italien🇮🇹
Niederlande🇳🇱
Schweiz🇨🇭
Österreich🇦🇹
Schweden🇸🇪
Dänemark🇩🇰
Vereinigtes Königreich🇬🇧
Finnland🇫🇮
Polen🇵🇱
Spanien🇪🇸
Portugal🇵🇹
Ungarn🇭🇺
Slowakei🇸🇰
Kroatien🇭🇷
Tschechien🇨🇿
Griechenland🇬🇷
 
Antwortstatistiken
Antwort % Korrekt
Deutschland🇩🇪
82%
Frankreich🇫🇷
80%
Belgien🇧🇪
59%
Italien🇮🇹
59%
Niederlande🇳🇱
56%
Luxemburg🇱🇺
54%
Keine übereinstimmenden Quizze gefunden
Verteilung der Resultate
Anzahl Personen mit jedem Resultat
Perzentil nach korrekt beantworteten Fragen
Ihre Resultats-Entwicklung
Sie haben dieses Quiz noch nicht gespielt